Представление документа в формате RUSMARC

ПолеНазваниеЗначение
  Тип записи a
  Библиографический уровень a
001 Контрольный номер RU/CBS_UL/BASE/597149828
005 Дата корректировки 20240209175232.5
100 Данные общей обработки __
a Данные общей обработки 20181203d2018 ||| 0rusy0189 ca
101 Язык документа 0_
a Язык текста rus
102 Страна публикации __
a Страна публикации RU
105 Кодированные данные (монография) __
a Кодированные данные (монография) y###||||000|y
200 Заглавие и сведения об ответственности 1_
a Заглавие Времён очаковских и покоренья Крыма
b Общее обозначение материала Текст
e Сведения, относящиеся к заглавию [одним из самых известных событий царствования Екатерины II стало присоединение к России Северного Причерноморья и Крыма]
f Первые сведения об ответственности М. Логинов
300 Общие примечания __
a Общие примечания Ограничения по возрасту - 16+
461 Уровень набора _0
1 2000
a Дилетант
463 Уровень физической единицы _0
1 001RU/CBS_UL/BASE/597149477
1 2000
a № 35
v С. 18-25
1 210
d 2018
600 Персоналии _0
a Персоналии (Фамилия) Екатерина II
606 Тематические рубрики 0_
a Основная рубрика Екатерина II (императрица российская; 1729 - 1796)
y Географическая подрубрика Крым
z Хронологическая подрубрика 1783 г.
610 Ключевые слова 0_
a Ключевые слова присоединения земель
610 Ключевые слова 0_
a Ключевые слова императрицы российские
610 Ключевые слова 0_
a Ключевые слова царицы русские
610 Ключевые слова 0_
a Ключевые слова присоединение Крыма
686 Индексы других классификаций __
a Классификационный индекс 63.3(2)46
2 Код системы ББК
700 Автор _1
a Фамилия Логинов
b Имя (инициалы) М.
801 Источник записи _0
a Страна RU
b Организация МБУК ЦБС г. Ульяновска
c Дата составления 20181203
g Правила каталогизации RCR
801 Источник записи _1
a Страна RU
b Организация МБУК ЦБС г. Ульяновска
c Дата составления 20181203
g Правила каталогизации RCR
901 Тип документа __
t Тип документа b
w Контрольный № источника RU/CBS_UL/BASE/597149477
910 Корректоры записи __
a Корректор записи Ильина
938 Служебная информация __
a Имя БД period